La Bretagne par images - Statistiques

Statistiques générales
  • Ce quiz a été pris 2 680 fois
  • Le résultat moyen est 10 sur 16
Statistiques - réponses
Par images Hint Réponse % Correct
Chanteuse Nolwenn Leroy
83%
Ville Saint Malo
81%
Gâteau Kouign-amann
79%
Animal Hermine
78%
Reine Anne de Bretagne
74%
Ville Brest
73%
Gâteau Far breton
72%
Sites mégalithiques Alignements de {Carnac}
70%
Personnage fictif Bécassine
65%
Île Belle-île-en-Mer
51%
Instrument de musique Binioù kozh
47%
Roi légendaire Roi {Arthur}
45%
Coiffe vestimentaire Coiffe {bigoudène}
35%
Navigateur Jacques Cartier
35%
Groupe de musique Tri Yann
35%
Écrivain François-René de Chateaubriand
31%
Aucun quiz correspondant
Distribution des résultats
% des personnes avec chaque résultat
Percentile par nombre de réponses
Votre historique - résultats
Vous n’avez pas pris ce quiz